000 00736nam a22001937a 4500
999 _c16340
_d16340
003 AR-CdUCM
008 190225b ||||| |||| 00| 0 spa d
040 _aMUNICIPALIDAD PROVINCIAL DEL CUSCO
_cBIBLIOTECA MUNICIPAL DEL CUSCO
082 _a333.14 /
_bP31
100 _aPavletich, Esteban.
_9785
245 _aEl mensaje de México /
260 _aLima :
_bEditores técnicos asociados S.A.,
300 _a241 paginas ;
_c18 cm.
505 _aContenido :Esquema histórico -- El espejismo de la revolución -- Génesis del latifundio Mexicano -- Los factores de la revolución -- La penetración imperialista ...
650 _aHistoria del Perú.
_9259
650 _aSiglo XX.
_98
942 _2ddc
_cLIBROS
945 _arum
_d2019-05-03